Top 15 NFL Teams 2024 - Statistics

General Stats
  • This quiz has been taken 6 times
  • The average score is 28 of 270
Answer Stats
Hint Answer % Correct
#15 1-0
60%
#15 2-0
60%
#15 2-1
40%
#15 3-1
40%
#15 4-1
40%
#2 Chiefs
40%
#3 Eagles
40%
#1 Lions
40%
#8 Packers
40%
#4 Vikings
40%
#8 0-1
20%
#9 1-0
20%
#4 1-0
20%
#3 1-0
20%
#2 1-0
20%
#1 1-0
20%
#2 10-1
20%
#1 10-1
20%
#4 10-2
20%
#3 10-2
20%
#8 10-4
20%
#9 10-6
20%
#15 10-7
20%
#8 1-1
20%
#3 1-1
20%
#1 1-1
20%
#2 11-1
20%
#1 11-1
20%
#3 11-2
20%
#8 11-4
20%
#8 11-5
20%
#9 11-6
20%
#8 11-6
20%
#2 12-1
20%
#1 12-1
20%
#3 12-2
20%
#1 12-2
20%
#3 12-3
20%
#2 13-1
20%
#1 13-2
20%
#3 13-3
20%
#2 14-1
20%
#1 14-2
20%
#3 14-3
20%
#2 15-1
20%
#2 15-2
20%
#1 15-2
20%
#9 2-0
20%
#4 2-0
20%
#2 2-0
20%
#9 2-1
20%
#8 2-1
20%
#3 2-1
20%
#1 2-1
20%
#9 2-2
20%
#8 2-2
20%
#3 2-2
20%
#4 3-0
20%
#2 3-0
20%
#1 3-1
20%
#9 3-2
20%
#8 3-2
20%
#3 3-2
20%
#9 3-3
20%
#4 4-0
20%
#2 4-0
20%
#1 4-1
20%
#8 4-2
20%
#3 4-2
20%
#9 4-3
20%
#4 5-0
20%
#2 5-0
20%
#15 5-1
20%
#4 5-1
20%
#1 5-1
20%
#15 5-2
20%
#8 5-2
20%
#4 5-2
20%
#3 5-2
20%
#9 5-3
20%
#2 6-0
20%
#1 6-1
20%
#15 6-2
20%
#8 6-2
20%
#4 6-2
20%
#3 6-2
20%
#15 6-3
20%
#9 6-3
20%
#8 6-3
20%
#15 6-4
20%
#2 7-0
20%
#1 7-1
20%
#4 7-2
20%
#3 7-2
20%
#9 7-3
20%
#8 7-3
20%
#15 7-4
20%
#9 7-4
20%
#15 7-5
20%
#2 8-0
20%
#1 8-1
20%
#4 8-2
20%
#3 8-2
20%
#8 8-3
20%
#9 8-4
20%
#15 8-5
20%
#9 8-5
20%
#9 8-6
20%
#2 9-0
20%
#2 9-1
20%
#1 9-1
20%
#4 9-2
20%
#3 9-2
20%
#8 9-3
20%
#8 9-4
20%
#15 9-5
20%
#15 9-6
20%
#9 9-6
20%
#15 9-7
20%
#5 Bills
20%
#10 Broncos
20%
#11 Buccaneers
20%
#9 Chargers
20%
#7 Commanders
20%
#12 Rams
20%
#6 Ravens
20%
#14 Seahawks
20%
#13 Steelers
20%
#15 Texans
20%
#12 0-1
0%
#10 0-1
0%
#7 0-1
0%
#6 0-1
0%
#12 0-2
0%
#10 0-2
0%
#6 0-2
0%
#14 1-0
0%
#13 1-0
0%
#11 1-0
0%
#5 1-0
0%
#5 10-2
0%
#13 10-3
0%
#5 10-3
0%
#13 10-4
0%
#13 10-5
0%
#7 10-5
0%
#6 10-5
0%
#13 10-6
0%
#12 10-6
0%
#14 10-7
0%
#13 10-7
0%
#12 10-7
0%
#11 10-7
0%
#10 10-7
0%
#7 1-1
0%
#4 11-2
0%
#5 11-3
0%
#7 11-5
0%
#6 11-5
0%
#12 1-2
0%
#10 1-2
0%
#6 1-2
0%
#4 12-2
0%
#5 12-3
0%
#7 12-5
0%
#6 12-5
0%
#12 1-3
0%
#4 13-2
0%
#5 13-3
0%
#5 13-4
0%
#12 1-4
0%
#4 14-2
0%
#4 14-3
0%
#14 2-0
0%
#13 2-0
0%
#11 2-0
0%
#5 2-0
0%
#11 2-1
0%
#7 2-1
0%
#10 2-2
0%
#6 2-2
0%
#12 2-4
0%
#14 3-0
0%
#13 3-0
0%
#5 3-0
0%
#14 3-1
0%
#13 3-1
0%
#11 3-1
0%
#7 3-1
0%
#5 3-1
0%
#14 3-2
0%
#13 3-2
0%
#11 3-2
0%
#10 3-2
0%
#6 3-2
0%
#5 3-2
0%
#14 3-3
0%
#10 3-3
0%
#12 3-4
0%
#7 4-1
0%
#13 4-2
0%
#11 4-2
0%
#7 4-2
0%
#6 4-2
0%
#5 4-2
0%
#14 4-3
0%
#11 4-3
0%
#10 4-3
0%
#14 4-4
0%
#12 4-4
0%
#11 4-4
0%
#14 4-5
0%
#12 4-5
0%
#11 4-5
0%
#11 4-6
0%
#13 5-2
0%
#7 5-2
0%
#6 5-2
0%
#5 5-2
0%
#10 5-3
0%
#6 5-3
0%
#10 5-4
0%
#14 5-5
0%
#12 5-5
0%
#10 5-5
0%
#12 5-6
0%
#11 5-6
0%
#13 6-2
0%
#7 6-2
0%
#5 6-2
0%
#6 6-3
0%
#14 6-5
0%
#10 6-5
0%
#12 6-6
0%
#11 6-6
0%
#13 7-2
0%
#7 7-2
0%
#5 7-2
0%
#7 7-3
0%
#6 7-3
0%
#7 7-4
0%
#6 7-4
0%
#14 7-5
0%
#10 7-5
0%
#7 7-5
0%
#12 7-6
0%
#11 7-6
0%
#13 8-2
0%
#5 8-2
0%
#13 8-3
0%
#6 8-4
0%
#14 8-5
0%
#10 8-5
0%
#7 8-5
0%
#6 8-5
0%
#14 8-6
0%
#12 8-6
0%
#11 8-6
0%
#14 8-7
0%
#11 8-7
0%
#5 9-2
0%
#13 9-3
0%
#10 9-5
0%
#7 9-5
0%
#6 9-5
0%
#12 9-6
0%
#10 9-6
0%
#14 9-7
0%
#11 9-7
0%
#10 9-7
0%
No matching quizzes found
Score Distribution
Percent of People with Each Score
Percentile by Number Answered
Your Score History
You have not taken this quiz